00571nam a22001577a 4500003000900000005001700009008004100026040002200067100002200089245004000111260009700151942001200248945003300260952010300293999001700396DO-SdBNP20171205101104.0171205b xxu||||| |||| 00| 0 spa d aBPMSUbspacBPMSU1 aShakarian, Demos 10aLa gente más feliz de la tierra : aBarcelona :bFraternidad Internacional de Hombres de Negocio del Evangelio Completo, c1975. 2ddccBK ainventariado extranjero / DG 00102ddc40708CGaBPMETbBPMETd2017-11-20eFUNDIl0pBPMSU17110269r2017-11-20w2017-11-20yBK c12960d12960